Statistics for Red Dead Redemption 2 All Characters

Click here to take the quiz!

General Stats

  • This quiz has been taken 247 times
  • The average score is 43 of 151

Answer Stats

Answer % Correct
Arthur Morgan
99%
Dutch Van der Linde
97%
John Marston
96%
Jack Marston
92%
Lenny Summers
91%
Micah Bell
90%
Bill Williamson
90%
Charles Smith
90%
Hosea Matthews
90%
Javier Escuella
89%
Susan Grimshaw
88%
Sean MacGuire
88%
Mary Linton
86%
Abigail Roberts
84%
Sadie Adler
83%
Tilly Jackson
82%
Simon Pearson
82%
Karen Jones
80%
Mary-Beth Gaskill
78%
Kieran Duffy
76%
Molly O'Shea
76%
Orville Swanson
70%
Uncle
70%
Josiah Trelawney
67%
Leopold Strauss
66%
Leviticus Cornwall
65%
Colm O'Driscoll
62%
Andrew Milton
60%
Edgar Ross
58%
Andrew Bell III
58%
Thomas Downes
47%
Angelo Bronte
43%
Black Belle
43%
Eagle Flies
40%
Rains Fall
38%
Jim "Boy" Calloway
38%
Beau Gray
35%
Edith Downes
35%
Catherine Braithwaite
34%
Penelope Braithwaite
31%
Flaco Hernandez
31%
Cleet
31%
Joe
30%
Tom Dickens
28%
Billy Midnight
28%
Charlotte Balfour
28%
Levi Simon
27%
Lilly Millet
27%
Wrobel
26%
Emmet Granger
26%
Jamie Gillis
25%
Chick Matthews
24%
Albert Mason
23%
Marko Dragic
20%
Henry Favours
20%
Mrs. Geddes
19%
Alberto Fussar
19%
Mr. Gillis
19%
Archie Downes
19%
Mrs. Londonderry
18%
Leigh Gray
18%
David Geddes
18%
Lyndon Monroe
17%
Charles Chatenay
17%
Slim Grant
17%
Hercule Fontaine
17%
Paytah
17%
Vampire
16%
Hamish Sinclair
16%
Evelyn Miller
16%
Henri Lemieux
16%
Tavish Gray
16%
Archibald MacGregor
15%
Bertram
15%
Tommy
15%
Algernon Wasp
15%
Brother Dorkins
14%
Winton Holmes
14%
Magnifico
14%
Anthony Foreman
14%
Theodore Levin
14%
Trapper
14%
Gwyn Hughes
14%
Cooper
14%
Angus Geddes
14%
Algie Davison
13%
Sister Calderon
13%
Duncan Geddes
13%
Jimmy Brooks
13%
Seamus
13%
J. John Weathers
12%
Alden Carruthers
12%
Benedict Allbright
12%
Ansel Atherton
12%
Nigel (Gavin's Friend)
12%
Mrs. L. Hobbs
12%
Acrisius
12%
Margaret
12%
Francis Sinclair
12%
Miss Marjorie
11%
Proetus
11%
Bray Aberdeen
11%
Sampson Black
11%
Otis Skinner
11%
Albert Cakes
11%
Deborah MacGuiness
11%
Hermit
11%
Arturo Bullard
10%
Edmund Lowry Jr.
10%
Helen
10%
Obediah Hinton
10%
Hermit Woman
10%
Mark Johnson
10%
Tammy Aberdeen
10%
Jeremy Gill
10%
Elias Green
10%
Marshall Thurwell
9%
Joshua Brown
9%
Shane Finley
9%
Clive Davies
9%
Wilson J. McDaniels
9%
Clay Davies
9%
Dr. Alphonse Renaud
9%
Jeremiah Compson
9%
Sally Nash
9%
Chelonian Master
9%
Wendell White
9%
James Langston
9%
Benjamin Lambert
9%
Nathan Kirk
8%
Lindsey Wofford
8%
Anders Helgerson
8%
Joaquin Arroyo
8%
Esteban Cortez
8%
Ellie Anne Swan
8%
Herbert Moon
8%
Curtis Malloy
8%
Oswald Dunbar
8%
Harmon Thomas
8%
Vernon Farley
8%
Aldridge T. Abbington
8%
Ramon Cortez
8%
Robbie Laidlaw
8%
Hanley
8%
Professor Shiftacre
6%
Maximo Cristobal Valdespino
6%
Willard Wayne
6%
Sam Freeman
6%
Devon
6%
Phineas T. Ramsbottom
6%
Palmer
5%

Score Distribution

Percentile by Number Answered

Percent of People with Each Score

Your Score History

You have not taken this quiz